000
00270nam a2200109Ia 4500
005
20251222114340.0
008
251222s1900||||xx |||||||||||||| ||spa||
082
_a
DVD0070/B82/1966
245
0
_a
Au Hasard Balthazar.(Al Azar Balthazar)
264
_b
Bodard, Mag
942
_c
DVD
999
_c
805
_d
805